Quelle ville commençant par I? - Statistiques

Statistiques générales
  • Ce quiz a été pris 430 fois
  • Le résultat moyen est 5 sur 10
Statistiques - réponses
Hint Réponse % Correct
Elle s'appelait autrefois Constantinople Istanbul
100%
Capitale du Pakistan Islamabad
86%
Capitale de l'Indiana Indianapolis
76%
Ville autrichienne qui accueille les J.O d'hiver en 1964 et 1976 Innsbruck
64%
Ville turque aussi connue sous le nom de Smyrne Izmir
55%
Le Grand Prix automobile de Saint-Marin se dispute dans cette ville italienne Imola
47%
Grande ville russe située dans l'Oural Iekaterinbourg
29%
Troisième ville d'Iran, ancienne capitale de l'Epire perse Séfévides Ispahan
28%
Capitale du comté de Suffolk Ipswich
18%
Troisième ville du Nigeria Ibadan
16%
Aucun quiz correspondant
Distribution des résultats
% des personnes avec chaque résultat
Percentile par nombre de réponses
Votre historique - résultats
Vous n’avez pas pris ce quiz